(Hard Mode) Super Smash Bros. Ultimate Characters by Number - Statistics

General Stats
  • This quiz has been taken 76 times
  • The average score is 45 of 89
Answer Stats
# Answer % Correct
01 Mario
100%
02 Donkey Kong
97%
03 Link
97%
04 Samus
95%
04ε Dark Samus
92%
06 Kirby
90%
05 Yoshi
90%
07 Fox
87%
11 Captain Falcon
85%
12 Jigglypuff
85%
09 Luigi
85%
10 Ness
85%
08 Pikachu
85%
13ε Daisy
82%
13 Peach
82%
14 Bowser
77%
16 Sheik
74%
17 Zelda
74%
15 Ice Climbers
72%
18 Dr. Mario
67%
21ε Lucina
67%
21 Marth
67%
19 Pichu
67%
25ε Chrom
64%
25 Roy
64%
28ε Dark Pit
59%
28 Pit
59%
20 Falco
56%
23 Ganondorf
56%
27 Meta Knight
56%
22 Young Link
56%
24 Mewtwo
54%
26 Mr. Game & Watch
54%
30 Wario
51%
36 Diddy Kong
49%
31 Snake
49%
29 Zero Suit Samus
49%
32 Ike
46%
38 Sonic
46%
35 Charizard
44%
34 Ivysaur
44%
37 Lucas
44%
33 Squirtle
44%
60ε Ken
41%
60 Ryu
41%
39 King Dedede
38%
46 Mega Man
38%
40 Olimar
38%
65 Ridley
38%
45 Villager
38%
47 Wii Fit Trainer
38%
44 Wolf
38%
63 Bayonetta
36%
75 Byleth
36%
61 Cloud
36%
62 Corrin
36%
59 Duck Hunt
36%
64 Inkling
36%
49 Little Mac
36%
41 Lucario
36%
51 Mii Brawler
36%
53 Mii Gunner
36%
52 Mii Swordfighter
36%
66ε Richter Belmont
36%
42 R.O.B.
36%
48 Rosalina & Luma
36%
57 Shulk
36%
66 Simon Belmont
36%
43 Toon Link
36%
58 Bowser Jr.
33%
50 Greninja
33%
55 Pac-Man
33%
70 Piranha Plant
33%
82 Sora
33%
77 Steve / Alex
33%
73 Banjo & Kazooie
31%
72 Hero
31%
68 Isabelle
31%
71 Joker
31%
67 King K Rool
31%
76 Min Min
31%
54 Palutena
31%
79 Pyra
31%
78 Sephiroth
31%
69 Incineroar
28%
80 Mythra
28%
56 Robin
28%
81 Kazuya
26%
74 Terry Bogard
26%
No matching quizzes found
Score Distribution
Percent of People with Each Score
Percentile by Number Answered
Your Score History
You have not taken this quiz